| 000 | 00882cam a22003013a 4500 | ||
|---|---|---|---|
| 001 | 6124 | ||
| 003 | PGUSA | ||
| 005 | 20140828083128.0 | ||
| 008 | 040701s2004||||xxu|||||s|||||000 1 eng d | ||
| 040 |
_aPGUSA _beng |
||
| 042 | _adc | ||
| 050 | 4 | _aPR | |
| 100 | 1 |
_aRichardson, Samuel, _d1689-1761 |
|
| 245 | 1 | 0 |
_aPamela, or Virtue Rewarded _h[electronic resource] / _cSamuel Richardson |
| 260 |
_bProject Gutenberg, _c2004 |
||
| 506 | _aPublic domain in the USA. | ||
| 516 | _aElectronic text | ||
| 653 | _aEpistolary fiction | ||
| 653 | _aVirtue -- Fiction | ||
| 653 | _aEngland -- Fiction | ||
| 653 | _aDidactic fiction | ||
| 653 | _aMaster and servant -- Fiction | ||
| 653 | _aKidnapping victims -- Fiction | ||
| 653 | _aWomen household employees -- Fiction | ||
| 830 | 0 |
_aProject Gutenberg _v6124 |
|
| 856 | 4 | 0 | _uhttp://www.gutenberg.org/ebooks/6124 |
| 942 | _cEB | ||
| 999 |
_c235452 _d235452 |
||